00639nam a2200145Ia 4500041001200000082001200012100008000024245014400104260003100248300001200279504004000291536004700331546001200378650010300390 aEnglish aRR.0337 aRao, C. SrinivasauC.C.S. Nizamia Observatory CampusvAndhra Pradesh, India 0aSocio economic adjustment of Shepherds in drought prone region of Andhra Pradesh of India :ba concern for development / cC. Srinivasa Rao aNew Delhi : bICSSR,c2012 a113p. ; aInclude bibliographical references. aIndian Council of Social Science Research. aEnglish a Socio-economic adjustment vGovernment interventionsxSocio-economic challengeszTelangana region